American machinicts handbook and ductionary of shop terms (Record no. 190830)
[ view plain ]
| 000 -LEADER | |
|---|---|
| fixed length control field | 01343 a2200157 4500 |
| 003 - CONTROL NUMBER IDENTIFIER | |
| control field | Nust |
| 005 - DATE AND TIME OF LATEST TRANSACTION | |
| control field | 20170207153953.0 |
| 040 ## - CATALOGING SOURCE | |
| Transcribing agency | Nust |
| 082 ## - DEWEY DECIMAL CLASSIFICATION NUMBER | |
| Classification number | 670.423 |
| 100 ## - MAIN ENTRY--PERSONAL NAME | |
| Personal name | Colvin, Fred H. |
| 245 ## - TITLE STATEMENT | |
| Title | American machinicts handbook and ductionary of shop terms |
| Statement of responsibility, etc. | Fred H. Colvin, |
| 260 ## - PUBLICATION, DISTRIBUTION, ETC. | |
| Place of publication, distribution, etc. | McGraw-Hill Book Company |
| Name of publisher, distributor, etc. | New York |
| Date of publication, distribution, etc. | 1945 |
| 300 ## - PHYSICAL DESCRIPTION | |
| Extent | xxi,1546 p |
| 505 ## - FORMATTED CONTENTS NOTE | |
| Formatted contents note | Screw Threads (Page-1) Pipe and Threads (Page-90) Drilling (Page-118) Reamers and Reaming (Page-154) Taps and Tapping (Page-170) Files and Work Benches (Page-196) Babbitting Brazing Soldering and Welding (Page-203) Gearing (Page-230)Turning and Boring (Page-321) Milling Machine Speeds and Feeds (Page-375) Grinding Honing and Lapping (Page-479) Screw Machine Tools Speeds and Feeds (Page-542) Punch Press Tools (Page-588) Broaches and Broaching (Page-641)Bolts Nuts and Screws (Page-647) Measuring and Fitting (Page-718) Tapers and Dovetails (Page-785) Shop and Drawing Room Standards (Page-828) Wire Gages and Stock Weights (Page-940) Horse Power Belts and Shafting (Page-968) Metals and Other Materials (Page-1003) Machine Forgings (Page-1084) Knots and Slings (Page-1097) General Reference Tables (Page-1104) Automotive Data (Page-1161) Railroad Shop Data (Page-1166) Shop Trigonometry (Page-1193) Dictionry of Shop Terms (Page-1254) |
| 538 ## - SYSTEM DETAILS NOTE | |
| System details note | Amirah No.56 Shelf No.4 |
| 942 ## - ADDED ENTRY ELEMENTS (KOHA) | |
| Source of classification or shelving scheme | |
| Koha item type | Book |
| Withdrawn status | Lost status | Source of classification or shelving scheme | Damaged status | Not for loan | Collection code | Permanent Location | Current Location | Date acquired | Total Checkouts | Full call number | Barcode | Date last seen | Price effective from | Koha item type |
|---|---|---|---|---|---|---|---|---|---|---|---|---|---|---|
| Military College of Signals (MCS) | Military College of Signals (MCS) | 12/12/2016 | 670.423 COL | MCS6169 | 12/08/2016 | 12/12/2016 | Book |
